Statistics for United States randomly

Click here to take the quiz!

General Stats

  • This quiz has been taken 16 times
  • The average score is 16 of 50

Answer Stats

HintAnswer% Correct
Begins with IIdaho
87%
Bottom 5 in PopulationWyoming
73%
In New EnglandVermont
67%
Borders TexasLouisiana
60%
Touches MexicoTexas
60%
Begins with AArkansas
53%
Borders the Great LakesIndiana
53%
New _______New Hampshire
53%
Contains XNew Mexico
53%
Has PanhandlesOklahoma
53%
No BordersHawaii
47%
Middle of the CountryKansas
47%
Begins with MMontana
47%
Begins with WWisconsin
47%
Borders TennesseeKentucky
40%
RiverMissouri
40%
N or S ______North Carolina
40%
Touches PacificOregon
40%
Unique Starting LetterPennsylvania
40%
2 word nameSouth Dakota
40%
Top 5 by PopulationCalifornia
33%
Touches AtlanticConnecticut
33%
Touches CanadaNorth Dakota
33%
Top 10 by AreaAlaska
27%
Starts and Ends with same letterArizona
27%
Capital begins with SMinnesota
27%
Contains VNevada
27%
Contains YNew Jersey
27%
5 or Less LettersOhio
27%
Capital Begins with VowelWashington
27%
LandlockedColorado
20%
Ends with EDelaware
20%
Has 2 bordersFlorida
20%
Not LandlockedGeorgia
20%
Borders MissouriIllinois
20%
10+ LettersMississippi
20%
Begins with NNebraska
20%
Contains Double STennessee
20%
Ends with IAVirginia
20%
South East RegionAlabama
13%
Contains WIowa
13%
Capital Begins with BMassachusetts
13%
Has IslandsNew York
13%
Eastern Half of CountryMaine
7%
Non-Blue FlagMaryland
7%
Northern Half of CountryMichigan
7%
Capital Begins with PRhode Island
7%
Southern Half of CountrySouth Carolina
7%
Unique Ending LetterUtah
7%
Begins with ConsonantWest Virginia
7%

Score Distribution

Percentile by Number Answered

Percent of People with Each Score

Your Score History

You have not taken this quiz